LEADER 01174nam a2200265 i 4500 001 000000102575 003 CaOOAMICUS 005 20180830171932.0 008 180830s1926 fr u000 u mul u 013 $a74728 040 $aSeMil$bita 245 13$aLa force :$bquestions 123-140 /$ctraduction française par J.-D. Folghera. 250 $a2. Éd. 260 $a[S.l.] :$bRevue des Jeunes,$c1926. 300 $a319 p. 500 $aIn Appendici : Notes explicatives ; Renseignements techniques ; Notes bibliographiques. 650 4$aVirtù.$0(OLS)http://semarc/subject/1808 700 1 $aFolghera, Jean-Dominique,$d<1870-1945>.$0(OLS)http://semarc/name/5595 700 0 $aTommaso : d'Aquino,$c.$0(OLS)http://semarc/name/423 773 0 $aTommaso : d'Aquino $tSomme Théologique.$dParis : Desclée & Cie $w()6218 773 0 $t[Secunda Secundae Pars].$w()6226 850 $aSeMil 852 $aSeMil$W1$xVenegono$y1$m660 28.3 23 *$j59074$B59074$CSeMilBibl$Z2$F70087 $81 996 $6245$aLa force :$bquestions 123-140$9(OLS)http://semarc/title/149256 996 $6260$a[S.l.] :$bRevue des Jeunes$9(OLS)http://semarc/publisher/31763 LEADER 01036nam a2200229 i 4500 001 000000001680 003 CaOOAMICUS 005 20180830125435.0 008 180830s1971 fr u000 u und u 040 $aSeMil$bita 100 1 $aCaesarius : Arelatensis,$c.$0(OLS)http://semarc/name/1143 245 10$aSermons au peuple /$cCesaire d'Arles. 260 $aParis :$bLes Éditions du Cerf,$c1971-1986. 300 $a3 v. ;$c20 cm. 500 $aTesto latino a fronte. - Dalla biblioteca del card. Giovanni Colombo. 773 0 $tSources chrétiennes.$dParis : Les Éditions du Cerf, 1941-$kSources chrétiennes$x0750-1978$w()41 774 0 $tSermons 1-20.$kSources chrétiennes$gTome1$w()90211 774 0 $tSermons 21-55.$kSources chrétiennes$z2-204-01232-7$gTome2$w()92581 774 0 $tSermons 56-80.$kSources chrétiennes$z2-204-02626-3$gTome3$w()92609 941 1 $a3 996 $6245$aSermons au peuple$9(OLS)http://semarc/title/2754 996 $6260$aParis :$bLes Éditions du Cerf$9(OLS)http://semarc/publisher/29611